Stairway to Heaven, by Led Zeppelin Lyrics - Statistics

General Stats
  • This quiz has been taken 82 times
  • The average score is 234 of 341
Answer Stats
Answer % Correct
the
100%
The
100%
a
98%
I
98%
there
98%
There
98%
Heaven
97%
heaven
97%
stairway
97%
to
97%
To
97%
who
97%
Who
97%
she
95%
There's
95%
there's
95%
And
93%
and
93%
go
93%
is
93%
lady
92%
all
89%
buying
89%
gold
89%
she's
89%
know
87%
that
87%
When
87%
when
87%
get
85%
are
82%
for
82%
gets
82%
glitter
82%
knows
80%
In
79%
in
79%
on
79%
we
79%
you
79%
be
77%
sure
77%
who's
77%
me
75%
but
74%
can
74%
word
72%
closed
70%
what
70%
if
69%
If
69%
it
69%
road
69%
stores
69%
came
67%
wants
67%
two
66%
have
64%
With
64%
with
64%
look
62%
meanings
62%
of
62%
west
61%
will
61%
words
61%
by
57%
'Cause
57%
feeling
57%
my
57%
sign
57%
wall
57%
your
57%
Your
57%
it's
56%
It's
56%
makes
56%
our
56%
Our
56%
wonder
56%
long
54%
sometimes
54%
Sometimes
54%
tree
54%
down
52%
Oh
52%
wind
52%
hear
51%
laughter
51%
thoughts
51%
as
49%
don't
49%
head
49%
songbird
49%
Then
49%
brook
48%
bustle
48%
echo
48%
just
48%
seen
48%
sings
48%
call
46%
Ooh
46%
ooh
46%
piper
46%
spirit
46%
those
46%
through
46%
not
44%
still
44%
us
44%
crying
43%
dawn
43%
day
43%
new
43%
now
43%
time
43%
lead
41%
queen
41%
rock
41%
smoke
41%
spring
41%
stand
41%
Yes
41%
you're
41%
change
39%
hedgerow
39%
May
39%
misgiven
39%
roll
39%
run
39%
trees
39%
won't
39%
alarmed
38%
clean
38%
reason
38%
rings
38%
forests
36%
leaving
36%
paths
36%
really
36%
than
36%
walks
36%
lies
34%
shadows
34%
shines
34%
soul
34%
very
34%
voices
34%
blow
33%
did
33%
show
33%
tune
33%
whispering
33%
light
31%
one
31%
taller
31%
turns
31%
white
31%
hard
30%
him
30%
listen
30%
soon
30%
come
28%
Dear
28%
humming
28%
join
28%
calling
26%
looking
26%
case
25%
whispered
25%
How
23%
piper's
23%
at
20%
everything
20%
last
18%
whoa
11%
stood
8%
No matching quizzes found
Score Distribution
Percent of People with Each Score
Percentile by Number Answered
Your Score History
You have not taken this quiz